Movies Quiz

Random Movies or Decade Quiz

Disney Animated Movies by Decade Quiz Stats

 Plays Quiz Updated Jul 17, 2017

Challenge
Share
Tweet
Embed
Score 0/9 Timer 03:00
4 Plays Today
Decade Disney Movie % Correct
1990sThe Rescuers Down Under, Beauty and the Beast, Aladdin, The Lion King, Pocahontas, The Hunchback of Notre Dame, Hercules, Mulan, Tarzan, Fantasia 2000
98%
1950sCinderella, Alice in Wonderland, Peter Pan, Lady and the Tramp, Sleeping Beauty
94.9%
1930sSnow White and the Seven Dwarfs
93.6%
2010sTangled, Winnie the Pooh, Wreck-It Ralph, Frozen, Big Hero 6, Zootopia, Moana
90.5%
1940sPinocchio, Fantasia, Dumbo, Bambi, Saludos Amigos, The Three Caballeros, Make Mine Music, Fun and Fancy Free, Melody Time, The Adventures of Ichabod and Mr. Toad
87.3%
1980sThe Fox and the Hound, The Black Cauldron, The Great Mouse Detective, Oliver & Company, The Little Mermaid
81.1%
2000sThe Emperor's New Groove, Dinosaur, Atlantis: The Lost Empire, Lilo & Stitch, Treasure Planet, Brother Bear, Home on the Range, Chicken Little, Meet the Robinsons, Bolt, The Princess and the Frog
76.6%
1970sThe Aristocats, Robin Hood, The Many Adventures of Winnie the Pooh, The Rescuers
68.8%
1960sOne Hundred and One Dalmatians, The Sword in the Stone, The Jungle Book
66.3%

You're not logged in!

Compare scores with friends on all Sporcle quizzes.
Join for Free
OR
Log In

You Might Also Like...

Show Comments

Extras

Top Quizzes Today


Score Distribution

Your Account Isn't Verified!

In order to create a playlist on Sporcle, you need to verify the email address you used during registration. Go to your Sporcle Settings to finish the process.

Report this User

Report this user for behavior that violates our Community Guidelines.

Details: